| 000 | 00698cab a22001935a 4500 | ||
|---|---|---|---|
| 001 | L143787 | ||
| 008 | 080602e20080523xxk f 000 0 eng d | ||
| 035 | _a(Sirsi) u143787 | ||
| 041 | 0 | _aeng | |
| 100 | 1 | _aMayer, Peter | |
| 245 | 0 | 0 | _aDoorstep challenge |
| 260 | _c2008 | ||
| 490 | 0 |
_aBuilding _v274(8530) 23 May 2008, 73(1) |
|
| 520 | _aExamines the issues and life-cycle costs of doors for retail premises. Covers: door types; door construction; functional requirements; operation and maintenance. Table presents costs for automatic doors. | ||
| 590 | _aKA | ||
| 651 | 4 |
_aUnited Kingdom _y |
|
| 690 | _aBUILT ENVIRONMENT-BUILDING ELEMENTS-PARTS OF BUILDING ELEMENTS-OPENINGS | ||
| 942 | _n0 | ||
| 999 |
_c80279 _d80279 |
||